000 00547nam a2200157 a 4500
001 000025614
005 20200930023922.0
008 110218s2005 sp d r 000 0 spa d
040 _aDO-SdBNP
_bspa
_cBNPHU
082 _ann*
_bnn*
245 0 0 _aRed de bibliotecas públicas de Castilla-La Mancha :
_bCenso 2004 /
_cPresentación de Blanca Calvo.
260 _aToledo :
_bConsejería de Cultura. Junta de Comunidades Castilla-La Mancha,
_c2005.
300 _a189 p. :
_bdiagrs. ;
_c30 cm.
700 1 _aCalvo, Blanca,
_epresent.
_952306
049 _aBNGR
999 _c25106
_d25106